Tiếng Việt 5 Tập 1
v.v...
Đã lưu trong:
| Tác giả chính: | |
|---|---|
| Định dạng: | Sách |
| Năm xuất bản: |
H.
Giáo dục
2006
|
| Chủ đề: | |
| Tags: |
Thêm thẻ
Không có thẻ, Hãy là người đầu tiên gắn thẻ bản ghi này!
|
| LEADER | 02454nam a2200277 4500 | ||
|---|---|---|---|
| 999 | |c 11214 |d 11214 | ||
| 082 | |a 372.6 |b T306v. | ||
| 100 | |a Nguyễn Minh Thuyết chủ biên | ||
| 245 | |a Tiếng Việt 5 |c Nguyễn Minh Thuyết chủ biên, Hoàng Hòa Bình, Trần Mạnh Hưởng,... |n Tập 1 | ||
| 260 | |a H. |b Giáo dục |c 2006 | ||
| 300 | |a 184 tr. |c 24 cm. | ||
| 520 | |a v.v... | ||
| 653 | |a Ngôn ngữ | ||
| 653 | |a Tiếng Việt | ||
| 653 | |a Lớp 5 | ||
| 653 | |a Giáo dục tiểu học | ||
| 942 | |2 ddc |c STK0 | ||
| 952 | |0 0 |1 0 |2 ddc |4 0 |6 372_600000000000000 |7 0 |8 300 |9 96166 |a qbu |b qbu |c D2 |d 2015-09-30 |g 10300 |l 1 |o 372.6 |p 10993.c1 |r 2020-06-17 |s 2020-06-16 |w 2015-09-30 |y STK0 |0 0 |6 372_600000000000000 |0 0 |6 495_922000000000000_T306V | ||
| 952 | |0 0 |1 0 |2 ddc |4 0 |6 372_600000000000000 |7 0 |8 300 |9 96167 |a qbu |b qbu |c D2 |d 2015-09-30 |g 10300 |l 8 |o 372.6 |p 10993.c2 |r 2020-06-17 |s 2020-06-09 |w 2015-09-30 |y STK0 |0 0 |6 372_600000000000000 |0 0 |6 495_922000000000000_T306V | ||
| 952 | |0 0 |1 0 |2 ddc |4 0 |6 372_600000000000000 |7 0 |8 300 |9 96168 |a qbu |b qbu |c D2 |d 2015-09-30 |g 10300 |l 10 |m 2 |o 372.6 |p 10993.c3 |r 2020-12-28 |s 2020-12-28 |w 2015-09-30 |y STK0 |0 0 |6 372_600000000000000 |0 0 |6 495_922000000000000_T306V | ||
| 952 | |0 0 |1 0 |2 ddc |4 0 |6 372_600000000000000 |7 0 |8 300 |9 96169 |a qbu |b qbu |c D2 |d 2015-09-30 |g 10300 |l 5 |m 1 |o 372.6 |p 10993.c4 |r 2020-06-17 |s 2020-06-16 |w 2015-09-30 |y STK0 |0 0 |6 372_600000000000000 |0 0 |6 495_922000000000000_T306V | ||
| 952 | |0 0 |1 0 |2 ddc |4 0 |6 372_600000000000000 |7 0 |8 300 |9 96170 |a qbu |b qbu |c D2 |d 2015-09-30 |g 10300 |l 20 |m 3 |o 372.6 |p 10993.c5 |r 2020-06-17 |s 2020-06-16 |w 2015-09-30 |y STK0 |0 0 |6 372_600000000000000 |0 0 |6 495_922000000000000_T306V | ||
| 952 | |0 0 |1 0 |2 ddc |4 0 |6 372_600000000000000 |7 0 |8 300 |9 96171 |a qbu |b qbu |c D2 |d 2015-09-30 |g 10300 |l 1 |m 1 |o 372.6 |p 10993.c6 |r 2018-03-05 |s 2018-01-29 |w 2015-09-30 |y STK0 |0 0 |6 372_600000000000000 |0 0 |6 495_922000000000000_T306V | ||
| 952 | |0 0 |1 0 |2 ddc |4 0 |6 372_600000000000000 |7 0 |8 300 |9 96172 |a qbu |b qbu |c D2 |d 2015-09-30 |g 10300 |l 20 |m 4 |o 372.6 |p 10993.c7 |r 2020-11-13 |s 2020-10-27 |w 2015-09-30 |y STK0 |0 0 |6 372_600000000000000 |0 0 |6 495_922000000000000_T306V | ||
| 952 | |0 0 |1 0 |2 ddc |4 0 |6 372_600000000000000 |7 0 |8 300 |9 96173 |a qbu |b qbu |c D2 |d 2015-09-30 |g 10300 |l 8 |o 372.6 |p 10993.c8 |r 2018-04-24 |s 2018-04-11 |w 2015-09-30 |y STK0 |0 0 |6 372_600000000000000 |0 0 |6 495_922000000000000_T306V | ||
| 952 | |0 0 |1 0 |2 ddc |4 0 |6 372_600000000000000 |7 0 |8 300 |9 105131 |a qbu |b qbu |c D2 |d 2016-01-08 |g 10300 |l 17 |m 1 |o 372.6 |p 10993.c9 |r 2020-06-17 |s 2020-06-15 |w 2016-01-08 |y STK0 |0 0 |6 372_600000000000000 |0 0 |6 495_922000000000000_T306V | ||